ბათუმის შოთა რუსთაველის სახელმწიფო უნივერსიტეტის ბიბლიოთეკა

Soif : (ბიბ.ჩანაწერი № 57173)

000 -LEADER
fixed length control field 00515cam a22001815i 4500
001 - CONTROL NUMBER
control field 21254477
005 - DATE AND TIME OF LATEST TRANSACTION
control field 20221107131555.0
008 - FIXED-LENGTH DATA ELEMENTS--GENERAL INFORMATION
fixed length control field 190816s2019 fr 000 1 fre
020 ## - INTERNATIONAL STANDARD BOOK NUMBER
International Standard Book Number 9782226443885x
041 ## - LANGUAGE CODE
Language code of text/sound track or separate title fre
080 ## - UNIVERSAL DECIMAL CLASSIFICATION NUMBER
Universal Decimal Classification number 821.133.1-31 N-86
100 1# - MAIN ENTRY--PERSONAL NAME
Personal name Nothomb, Amélie,
Relator term
9 (RLIN) 5837
245 10 - TITLE STATEMENT
Title Soif :
Remainder of title roman /
Statement of responsibility, etc. Amélie Nothomb.
264 #1 - PRODUCTION, PUBLICATION, DISTRIBUTION, MANUFACTURE, AND COPYRIGHT NOTICE
Place of production, publication, distribution, manufacture Paris :
Name of producer, publisher, distributor, manufacturer Albin Michel,
Date of production, publication, distribution, manufacture, or copyright notice [2019]
300 ## - PHYSICAL DESCRIPTION
Extent 151 pages ;
Dimensions 20 cm.
653 ## - INDEX TERM--UNCONTROLLED
keyword ფრანგული ლიტერატურა
942 ## - ADDED ENTRY ELEMENTS (KOHA)
Source of classification or shelving scheme
Koha item type წიგნი
ეგზემპლარები
Withdrawn status Lost status Source of classification or shelving scheme Damaged status Not for loan Permanent Location Current Location Shelving location Date acquired Cost, normal purchase price Full call number Barcode Date last seen Copy number Price effective from Koha item type Public note
          ბათუმის შოთა რუსთაველის სახელმწიფო უნივერსიტეტის მთავარი ბიბლიოთეკა ბათუმის შოთა რუსთაველის სახელმწიფო უნივერსიტეტის მთავარი ბიბლიოთეკა წიგნსაცავი 2019-12-17 84.00 821.133.1-31 N-86 60299 2019-12-17 60299 2019-12-17 წიგნი 84 ლ.
          ბათუმის შოთა რუსთაველის სახელმწიფო უნივერსიტეტის მთავარი ბიბლიოთეკა ბათუმის შოთა რუსთაველის სახელმწიფო უნივერსიტეტის მთავარი ბიბლიოთეკა წიგნსაცავი 2019-12-17 84.00 821.133.1-31 N-86 60300 2019-12-17 60300 2019-12-17 წიგნი 84 ლ.